[Event "Titled Tuesday intern op 05th Apr Late"]
[Site "Chess.com INT"]
[Date "2022.04.05"]
[Round "7"]
[White "Hess, Robert L"]
[Black "Barbosa, Evandro Amorim"]
[Result "0-1"]
[WhiteElo "2591"]
[BlackElo "2479"]
[PlyCount "76"]
[EventDate "2022.04.05"]
[EventType "swiss (blitz)"]
[EventRounds "11"]
[EventCountry "USA"]
[SourceTitle "CBM 207 Extra"]
[Source "ChessBase"]
[SourceDate "2022.05.31"]
[SourceVersion "1"]
[SourceVersionDate "2022.05.31"]
[SourceQuality "1"]

1. b3 d5 2. Bb2 c5 3. d3 Nc6 4. Nd2 Nf6 5. h3 e5 6. g4 Bd6 7. e3 d4 8. e4 h5 9. g5 Nd7 10. h4 Nf8 11. Ne2 Ng6 12. Ng3 Nf4 13. Nf5 Bf8 14. Nc4 g6 15. Ng3 Bg4 16. f3 Be6 17. Bc1 Qc7 18. Ne2 Bxc4 19. bxc4 Bd6 20. Bd2 0-0 21. Kf2 Kh7 22. Rb1 b6 23. Rb3 f6 24. Nxf4 exf4 25. gxf6 Rxf6 26. Be2 Ne5 27. Qg1 Raf8 28. Ke1 Qd7 29. Kd1 Bc7 30. Kc1 a6 31. Qg5 b5 32. cxb5 axb5 33. Ra3 c4 34. Bb4 Bd6 35. Bxd6 Qxd6 36. Ra7+ R6f7 37. Ra5 Qb4 38. Ra6 c3 0-1

[Event "Titled Tuesday intern op 05th Apr Late"]
[Site "Chess.com INT"]
[Date "2022.04.05"]
[Round "3"]
[White "Iskusnyh, Sergei"]
[Black "Hess, Robert L"]
[Result "1/2-1/2"]
[WhiteElo "2443"]
[BlackElo "2591"]
[PlyCount "100"]
[EventDate "2022.04.05"]
[EventType "swiss (blitz)"]
[EventRounds "11"]
[EventCountry "USA"]
[SourceTitle "CBM 207 Extra"]
[Source "ChessBase"]
[SourceDate "2022.05.31"]
[SourceVersion "1"]
[SourceVersionDate "2022.05.31"]
[SourceQuality "1"]

1. d4 g6 2. c4 Bg7 3. Nf3 d6 4. g3 Nd7 5. Bg2 e6 6. Nc3 Ne7 7. 0-0 h6 8. e4 b6 9. Be3 Bb7 10. Qc2 g5 11. d5 e5 12. b4 a5 13. a3 0-0 14. Rab1 axb4 15. axb4 f5 16. exf5 Nxf5 17. Ne4 g4 18. Nfd2 Ra3 19. Rb3 Qa8 20. h3 Qa4 21. hxg4 Nxe3 22. fxe3 Rxf1+ 23. Bxf1 Ra2 24. Qd3 Nf8 25. c5 bxc5 26. bxc5 Bc8 27. cxd6 cxd6 28. Rb8 Bxg4 29. Nf6+ Bxf6 30. Qg6+ Bg7 31. Bd3 Ra1+ 32. Nf1 e4 33. Bxe4 Rxf1+ 34. Kxf1 Qd1+ 35. Kf2 Qe2+ 36. Kg1 Qxe3+ 37. Kh2 Qf2+ 38. Bg2 Bf3 39. Rxf8+ Kxf8 40. Qf5+ Ke7 41. Qxf3 Qxf3 42. Bxf3 Kf6 43. Bg4 Ke5 44. Be6 Ke4 45. Kg2 Ke5 46. Bf7 Bf6 47. Be6 Bg5 48. Bf7 Bf6 49. Be6 Bg5 50. Bf7 Bf6 1/2-1/2

[Event "Titled Tuesday intern op 05th Apr Late"]
[Site "Chess.com INT"]
[Date "2022.04.05"]
[Round "10"]
[White "Tregubov, Pavel V"]
[Black "Hess, Robert L"]
[Result "1-0"]
[WhiteElo "2539"]
[BlackElo "2591"]
[PlyCount "93"]
[EventDate "2022.04.05"]
[EventType "swiss (blitz)"]
[EventRounds "11"]
[EventCountry "USA"]
[SourceTitle "CBM 207 Extra"]
[Source "ChessBase"]
[SourceDate "2022.05.31"]
[SourceVersion "1"]
[SourceVersionDate "2022.05.31"]
[SourceQuality "1"]

1. e4 g6 2. Nf3 Bg7 3. d4 d6 4. Nc3 a6 5. Be2 b5 6. a4 b4 7. Nd5 Bb7 8. Nxb4 Bxe4 9. 0-0 a5 10. Nd3 Nf6 11. c4 0-0 12. Ng5 Bf5 13. Bf3 Ra6 14. Re1 Nc6 15. Bxc6 Rxc6 16. b3 Rb6 17. h3 Nd7 18. Nf3 Qb8 19. Ra3 c5 20. d5 e5 21. dxe6 fxe6 22. Nf4 Ne5 23. Nh4 Qe8 24. Nxf5 Rxf5 25. Ra2 Qf7 26. Nd3 Nc6 27. Be3 Bc3 28. Ree2 Nd4 29. Bxd4 Bxd4 30. Ne1 d5 31. Nf3 dxc4 32. Nxd4 Rd5 33. bxc4 Rxd4 34. Qe1 Rxc4 35. Rad2 Rcb4 36. Kh2 Qf4+ 37. g3 Qf3 38. Re3 Qf5 39. Rd8+ Kg7 40. Rd7+ Kh6 41. Re5 Qf6 42. Qe3+ g5 43. h4 Rg4 44. hxg5+ Rxg5 45. Rxg5 Qxg5 46. Rxh7+ Kxh7 47. Qxg5 1-0

[Event "Titled Tuesday intern op 29th Mar Late"]
[Site "Chess.com INT"]
[Date "2022.03.29"]
[Round "6"]
[White "Babazada, Khazar Araz"]
[Black "Hess, Robert L"]
[Result "1/2-1/2"]
[WhiteElo "2431"]
[BlackElo "2591"]
[PlyCount "106"]
[EventDate "2022.03.29"]
[EventType "swiss (blitz)"]
[EventRounds "11"]
[EventCountry "USA"]
[SourceTitle "CBM 207 Extra"]
[Source "ChessBase"]
[SourceDate "2022.05.31"]
[SourceVersion "1"]
[SourceVersionDate "2022.05.31"]
[SourceQuality "1"]

1. Nf3 g6 2. g3 Bg7 3. Bg2 d6 4. 0-0 e6 5. d4 Ne7 6. c4 Nd7 7. Nc3 h6 8. b3 g5 9. Bb2 Ng6 10. e3 Rb8 11. Qc2 b6 12. Rad1 Bb7 13. c5 bxc5 14. dxc5 Nxc5 15. Na4 Bxb2 16. Nxc5 Bxf3 17. Bxf3 Qf6 18. Bc6+ Ke7 19. Nd7 Qc3 20. Qxc3 Bxc3 21. Nxb8 Rxb8 22. Be4 f5 23. Bc2 Ne5 24. Kg2 c5 25. h3 Nc6 26. g4 f4 27. exf4 gxf4 28. h4 Bf6 29. Rh1 Nd4 30. Bd3 d5 31. f3 c4 32. bxc4 Rb2+ 33. Kh3 dxc4 34. Bxc4 Nxf3 35. g5 hxg5 36. hxg5 Nxg5+ 37. Kg4 f3 38. Rb1 Rg2+ 39. Kf4 f2 40. Rhd1 Rg1 41. Ke3 Rxd1 42. Rxd1 Nh3 43. Bf1 Bg5+ 44. Kf3 Nf4 45. Kxf2 Nd5 46. Kf3 Nc3 47. Rd3 Nxa2 48. Ra3 Nb4 49. Rxa7+ Kf6 50. Bc4 Nc6 51. Ra4 Ne5+ 52. Ke4 Nxc4 53. Rxc4 Kf7 1/2-1/2

[Event "Titled Tuesday intern op 29th Mar Late"]
[Site "Chess.com INT"]
[Date "2022.03.29"]
[Round "3"]
[White "Chernobay, Artem"]
[Black "Hess, Robert L"]
[Result "0-1"]
[WhiteElo "2484"]
[BlackElo "2591"]
[PlyCount "62"]
[EventDate "2022.03.29"]
[EventType "swiss (blitz)"]
[EventRounds "11"]
[EventCountry "USA"]
[SourceTitle "CBM 207 Extra"]
[Source "ChessBase"]
[SourceDate "2022.05.31"]
[SourceVersion "1"]
[SourceVersionDate "2022.05.31"]
[SourceQuality "1"]

1. e4 g6 2. d4 Bg7 3. Nc3 a6 4. f4 d6 5. Nf3 e6 6. Bd3 Ne7 7. 0-0 b5 8. a4 b4 9. Ne2 d5 10. a5 Bb7 11. e5 c5 12. dxc5 Nd7 13. Be3 Nc6 14. Qe1 Bf8 15. Qf2 Nxa5 16. g4 Nc4 17. Bd4 Qc7 18. f5 gxf5 19. gxf5 0-0-0 20. b3 Nxc5 21. bxc4 dxc4 22. Bxc4 Ne4 23. Bxe6+ fxe6 24. Qe3 exf5 25. Kh1 Bc5 26. Bxc5 Qxc5 27. Qxc5+ Nxc5 28. Ng3 f4 29. Nh5 Ne4 30. Nf6 Nd2 31. Rg1 Bxf3+ 0-1